Manifiesto que con motivo de su proclamación como candidato a la Presidencia de la República dirije a sus compatriotas el ciudadano Benjamín Vicuña Mackenna

Guardat en:
Dades bibliogràfiques
Autor principal: Vicuña Mackenna, Benjamín, 1831-1886 (Autor)
Format: Llibre
Idioma:espanyol
Publicat: Santiago Imprenta de la Librería del Mercurio, de A. y M. Echeverría, Morandé 38 1875
Edició:1a. ed
Matèries:
Etiquetes: Afegir etiqueta
Sense etiquetes, Sigues el primer a etiquetar aquest registre!

MARC

LEADER 00000nam a2200000 a 4500
001 UCJ4477
003 CL-VaPUC
008 070124e18750506CL |||||||||||||||||spa|d
082 0 4 |a 983  |b VIC  |2 21 
100 |a Vicuña Mackenna, Benjamín,  |d 1831-1886  |x Político e historiador   |z Chile   |e author  |9 374 
245 1 0 |a Manifiesto que con motivo de su proclamación como candidato a la Presidencia de la República dirije a sus compatriotas el ciudadano Benjamín Vicuña Mackenna 
250 |a 1a. ed 
300 |a 27 p 
942 |c BK 
945 |d 20070124 00:00:00  |a rinostro 
260 |a Santiago  |b Imprenta de la Librería del Mercurio, de A. y M. Echeverría, Morandé 38  |c 1875 
500 |a La copia 2 de este discurso se encuentra incluída en un volumen rotulado Varios folletos, del mismo autor. Benelli, Bibliografía, N§ 81 
600 0 |a Vicuña Mackenna, Benjamín,  |d 1831-1886  |x Político e historiador   |z Chile   |9 374 
650 0 |a Historia de Chile  |9 265473 
650 0 |a Discursos políticos  |9 373524 
650 0 |a Política  |9 255312 
650 7 |a DOCUMENTOS  |2 CL-VaPUC  |9 366450 
650 7 |a FUENTES  |2 CL-VaPUC  |9 255666 
650 7 |a CAMPAÑA ELECTORAL  |2 CL-VaPUC  |9 505396 
583 |a last modification  |c 20070124 00:00:00  |k Rodrigo Vera 
999 |c 320593  |d 320591 
952 |0 0  |1 0  |4 0  |6 983_000000000000000_VIC_1875  |7 0  |8 X  |9 399141  |a FDOBUD  |b FDOBUD  |d 2019-11-22  |i 1018566  |o 983 VIC 1875  |p 1018566  |r 2019-11-22  |w 2019-11-22  |y BK_X  |k BUD